[Event "Famalicao op 5th"]
[Site "Famalicao"]
[Date "2017.07.30"]
[Round "2"]
[White "Dong, Rafael"]
[Black "Sousa, Mario Antonio Da Si"]
[Result "0-1"]
[WhiteElo "1081"]
[BlackElo "1384"]
[PlyCount "114"]
[EventDate "2017.07.29"]
[EventType "swiss"]
[EventRounds "9"]
[EventCountry "POR"]
[SourceTitle "EXT 2018"]
[Source "ChessBase"]
[SourceDate "2017.10.13"]
[SourceVersion "1"]
[SourceVersionDate "2017.10.13"]
[SourceQuality "1"]

1. c4 e5 2. Nc3 Nf6 3. Nf3 Nc6 4. d3 Bc5 5. Bg5 0-0 6. g3 h6 7. Bxf6 Qxf6 8. Bg2 Ne7 9. 0-0 c6 10. Nd2 Bb6 11. e3 Qe6 12. b4 f5 13. Re1 Kh8 14. a3 Rb8 15. Qc2 d5 16. c5 Bc7 17. f4 e4 18. d4 b6 19. Rab1 bxc5 20. bxc5 Ba6 21. Qa4 Qc8 22. Rxb8 Bxb8 23. Rb1 Bd3 24. Rb2 Qa6 25. Qxa6 Bxa6 26. Rb4 Bc7 27. Ra4 Bd3 28. Rxa7 Rc8 29. Bf1 Bxf1 30. Kxf1 Ng8 31. Nb3 Nf6 32. Na5 Bxa5 33. Rxa5 Ng4 34. Nd1 Nxh2+ 35. Kg2 Nf3 36. Nc3 Nd2 37. Kh3 Nc4 38. Ra7 Nxe3 39. Na4 Nc4 40. Nb6 Rd8 41. Nxc4 dxc4 42. Ra4 Rxd4 43. Kg2 Rd2+ 44. Kf1 c3 45. Rc4 c2 46. a4 Rd1+ 47. Ke2 c1Q 48. Rxc1 Rxc1 49. Kd2 Rxc5 50. Kd1 Ra5 51. Kc2 Rxa4 52. Kd1 Ra2 53. Kc1 e3 54. Kb1 Rh2 55. Kc1 c5 56. Kb1 e2 57. Ka1 e1R# 0-1

[Event "Famalicao op 4th"]
[Site "Famalicao"]
[Date "2016.07.30"]
[Round "2"]
[White "Viana, Eduardo Escudeiro"]
[Black "Sousa, Mario Antonio Da Si"]
[Result "1/2-1/2"]
[WhiteElo "1580"]
[BlackElo "1364"]
[PlyCount "80"]
[EventDate "2016.07.30"]
[EventType "swiss"]
[EventRounds "7"]
[EventCountry "POR"]
[SourceTitle "CBM 173 Extra"]
[Source "ChessBase"]
[SourceDate "2016.08.29"]
[SourceVersion "1"]
[SourceVersionDate "2016.08.29"]
[SourceQuality "1"]

1. b3 Nf6 2. Bb2 g6 3. Nf3 Bg7 4. e3 0-0 5. d4 d5 6. c4 c6 7. Be2 Bf5 8. 0-0 Bxb1 9. Rxb1 Nbd7 10. Qc2 Rc8 11. Rfe1 c5 12. dxc5 Nxc5 13. Red1 e6 14. Ba3 Qa5 15. Bxc5 Qxc5 16. Nd4 a6 17. b4 Qc7 18. Rbc1 Rfd8 19. c5 Ne8 20. Bg4 Bxd4 21. exd4 Nf6 22. Bf3 Qc6 23. h4 Re8 24. h5 Ne4 25. Bxe4 dxe4 26. Re1 f5 27. hxg6 hxg6 28. Re3 Kg7 29. Qc3 Qd5 30. Qb3 Rc7 31. Qxd5 exd5 32. a4 f4 33. Rh3 g5 34. b5 Kg6 35. bxa6 bxa6 36. Rb1 g4 37. Rb6+ Kg5 38. Rhh6 e3 39. fxe3 Rxe3 40. Rbg6+ Kf5 1/2-1/2

[Event "Lisbon Christmas op"]
[Site "Lisbon"]
[Date "2014.12.28"]
[Round "5"]
[White "Teixeira, Pedro Miguel"]
[Black "Sousa, Mario Antonio Da Si"]
[Result "1-0"]
[WhiteElo "1561"]
[BlackElo "1336"]
[PlyCount "35"]
[EventDate "2014.12.26"]
[EventType "swiss"]
[EventRounds "9"]
[EventCountry "POR"]
[SourceTitle "EXT 2018"]
[Source "ChessBase"]
[SourceDate "2017.10.13"]
[SourceVersion "1"]
[SourceVersionDate "2017.10.13"]
[SourceQuality "1"]

1. e4 e5 2. Nf3 Nc6 3. d4 exd4 4. Nxd4 Be7 5. Nc3 Nf6 6. Be3 0-0 7. Bd3 d5 8. 0-0 Nxd4 9. Bxd4 dxe4 10. Bxe4 Nxe4 11. Nxe4 Be6 12. Re1 b6 13. Be5 c5 14. Qf3 Qd5 15. Qg3 f6 16. Bd6 Rfe8 17. Bxe7 Rxe7 18. Nxf6+ 1-0

[Event "Madeira AEJ op 11th"]
[Site "Sao Joao da Madeira"]
[Date "2014.10.12"]
[Round "7"]
[White "Silva, Ana Ines Teixeira D"]
[Black "Sousa, Mario Antonio Da Si"]
[Result "1-0"]
[WhiteElo "1556"]
[BlackElo "1341"]
[PlyCount "67"]
[EventDate "2014.10.04"]
[EventType "swiss"]
[EventRounds "7"]
[EventCountry "POR"]
[SourceTitle "EXT 2018"]
[Source "ChessBase"]
[SourceDate "2017.10.13"]
[SourceVersion "1"]
[SourceVersionDate "2017.10.13"]
[SourceQuality "1"]

1. e4 e5 2. Nf3 Nc6 3. d4 exd4 4. Nxd4 Nf6 5. Nc3 Bb4 6. Nxc6 Bxc3+ 7. bxc3 bxc6 8. Bd3 0-0 9. 0-0 d6 10. Bg5 h6 11. Bh4 Bg4 12. Bxf6 Bxd1 13. Bxd8 Bxc2 14. Bxc2 Raxd8 15. Rab1 Rb8 16. Ba4 c5 17. Rfe1 Rb6 18. Rxb6 cxb6 19. Rd1 Rd8 20. Bc6 f6 21. f4 Kf8 22. Kf2 Ke7 23. Kf3 a6 24. Rb1 Rb8 25. Rd1 Rd8 26. Bb7 Rd7 27. Bxa6 Ra7 28. Bc4 Ra3 29. Rd3 b5 30. Bxb5 Rxa2 31. e5 Ra1 32. exd6+ Kd8 33. Re3 Rb1 34. Re8# 1-0

[Event "Madeira AEJ op 11th"]
[Site "Sao Joao da Madeira"]
[Date "2014.10.04"]
[Round "1"]
[White "Romano, Joao Manuel Pereira"]
[Black "Sousa, Mario Antonio Da Si"]
[Result "1-0"]
[WhiteElo "1732"]
[BlackElo "1341"]
[PlyCount "69"]
[EventDate "2014.10.04"]
[EventType "swiss"]
[EventRounds "7"]
[EventCountry "POR"]
[SourceTitle "EXT 2018"]
[Source "ChessBase"]
[SourceDate "2017.10.13"]
[SourceVersion "1"]
[SourceVersionDate "2017.10.13"]
[SourceQuality "1"]

1. Nf3 Nc6 2. d4 Nf6 3. c4 g6 4. Nc3 Bg7 5. d5 Na5 6. e4 b6 7. Bd3 d6 8. h3 0-0 9. Bg5 Bd7 10. Rc1 Nb7 11. 0-0 a6 12. Nd2 Nc5 13. Bb1 Qe8 14. f4 b5 15. e5 Nh5 16. g4 Nxf4 17. Bxf4 dxe5 18. Be3 Nb7 19. c5 Bc8 20. b4 e6 21. Nde4 f5 22. Ng5 f4 23. Bf2 Bf6 24. Nxe6 Bxe6 25. dxe6 Qxe6 26. Be4 c6 27. Qf3 Rac8 28. Rfd1 Kg7 29. a4 Nd8 30. axb5 axb5 31. Rd6 Qb3 32. Rb1 Qa3 33. Be1 Be7 34. Rd7 Kf6 35. Nd5+ 1-0

[Event "Coimbra op"]
[Site "Coimbra"]
[Date "2014.04.25"]
[Round "3"]
[White "Sousa, Mario Antonio Da Si"]
[Black "Oliveira, Alice"]
[Result "0-1"]
[WhiteElo "1337"]
[BlackElo "1489"]
[PlyCount "135"]
[EventDate "2014.04.25"]
[EventType "swiss"]
[EventRounds "7"]
[EventCountry "POR"]
[SourceTitle "CBM 160 Extra"]
[Source "ChessBase"]
[SourceDate "2014.07.01"]
[SourceVersion "1"]
[SourceVersionDate "2014.07.01"]
[SourceQuality "1"]

1. c4 Nf6 2. Nc3 g6 3. g3 Bg7 4. Bg2 0-0 5. e4 d6 6. d3 e5 7. Nge2 Nbd7 8. 0-0 c6 9. b3 a6 10. Rb1 b5 11. Ba3 Qc7 12. Bc1 b4 13. Na4 Nb6 14. Nxb6 Qxb6 15. a4 a5 16. Be3 Qc7 17. f4 Ng4 18. Qd2 Nxe3 19. Qxe3 f5 20. Kh1 Bd7 21. Rbc1 fxe4 22. Bxe4 exf4 23. Nxf4 Rae8 24. Qg1 Kh8 25. Rc2 Rf6 26. Bg2 Ref8 27. Rcc1 Bh6 28. Qd4 Bg7 29. Qe3 Re8 30. Qd2 Rff8 31. Ne2 Kg8 32. Rxf8+ Rxf8 33. d4 Qd8 34. Rf1 Rxf1+ 35. Bxf1 Qf6 36. Qf4 Qe7 37. Kg2 Bf5 38. Kf2 Bc2 39. Nc1 Qf8 40. Qxf8+ Kxf8 41. Bd3 Bxd4+ 42. Ke2 Bxd3+ 43. Nxd3 g5 44. g4 Ke7 45. Kf3 d5 46. c5 Kf6 47. Ke2 Kg6 48. h3 Kf6 49. Kf3 Ke6 50. Ke2 h6 51. Kf3 Bc3 52. Ke2 d4 53. Kf2 Kd5 54. Ke2 Ke4 55. Nf2+ Kf4 56. Nd3+ Kg3 57. Ne5 d3+ 58. Nxd3 Bd4 59. Kf1 Kxh3 60. Nf2+ Bxf2 61. Kxf2 Kxg4 62. Ke3 Kf5 63. Kf3 g4+ 64. Kf2 Kf4 65. Kg2 h5 66. Kf2 h4 67. Kg2 Ke3 68. Kh2 0-1

[Event "Coimbra op"]
[Site "Coimbra"]
[Date "2014.04.24"]
[Round "1"]
[White "Cavaleiro, Daniel Felipe Costa"]
[Black "Sousa, Mario Antonio Da Si"]
[Result "1-0"]
[WhiteElo "1909"]
[BlackElo "1337"]
[PlyCount "38"]
[EventDate "2014.04.25"]
[EventType "swiss"]
[EventRounds "7"]
[EventCountry "POR"]
[SourceTitle "CBM 160 Extra"]
[Source "ChessBase"]
[SourceDate "2014.07.01"]
[SourceVersion "1"]
[SourceVersionDate "2014.07.01"]
[SourceQuality "1"]

1. d4 d5 2. c4 Nf6 3. Nc3 h6 4. Nf3 c6 5. e3 e6 6. Bd3 Bb4 7. Bd2 0-0 8. 0-0 c5 9. a3 Bxc3 10. Bxc3 b6 11. dxc5 bxc5 12. Qc2 Nc6 13. Rfd1 Rb8 14. Rab1 Qe7 15. Bxf6 Qxf6 16. cxd5 exd5 17. Qxc5 Bg4 18. Qxd5 Rfd8 19. Qe4 Bf5 1-0